Personnes les plus connues par pays #4 - Statistiques

Statistiques générales
  • Ce quiz a été pris 89 fois
  • Le résultat moyen est 2 sur 10
Statistiques - réponses
Pays Personne la plus connue % Correct
Mongolie / Russie Genghis Khan
77%
Libye Mouammar Kadhafi
59%
Pays-Bas Vincent Van Gogh
26%
Sénégal Léopold Sédar Senghor
10%
Australie Kylie Minogue
9%
Suriname Clarence Seedorf
5%
Allemagne Karl Marx
5%
Ethiopie Haïlé Sélassié Ier
1%
Turquie Homère
1%
Liban Keanu Reeves
1%
Aucun quiz correspondant
Distribution des résultats
% des personnes avec chaque résultat
Percentile par nombre de réponses
Votre historique - résultats
Vous n’avez pas pris ce quiz